000 00353nam a2200145Ia 4500
003 OSt
005 20240209103440.0
008 170523s9999 xx 000 0 und d
020 _a 978-0804723473
040 _ciimt university meerut
100 _aCROWLEY- DAVID
245 0 _aCOMMUNICATION THEORY TODAY
260 _bSTANDARD UNI
942 _2ddc
_c02
999 _c446
_d446